¡Hacer! /

¡Hacer! es un conjunto de representaciones de acciones, creadas en la manera tradicional del arte Warli. Presenta verbos básicos mediante una serie de pictogramas bellamente dibujados, que ilustran el verbo y a la vez cuentan una historia. Cada página invita a explorar un mundo activo y a crear una...

Descripción completa

Guardado en:
Autor Principal: Wolf, Gita
Otros Autores: Hengadi, Ramesh; il., Shadpe, Shantaram; il., Mata, Diana; trad.
Formato: Libro
Publicado: Buenos Aires : Petra, 2015
Series:Libros del zorro rojo
Materias:
Etiquetas: Agregar Etiqueta
Sin Etiquetas, Sea el primero en etiquetar este registro!
LEADER 01535nam a22003135a 4500
001 CEM.cems015252
008 130507s2015##################000#0#####d
005 20241024140700.0
245 1 0 |a ¡Hacer! /  |c Gita Wolf ; ilustrado Por Ramesh Hengadi / Shantaram Dhadpe. 
260 |a Buenos Aires :  |b Petra,  |c 2015 
300 |a 32 p. 
490 0 |a Libros del zorro rojo 
500 |a Título orignial: Do!. Traducido por Diana Mata. 
520 |a ¡Hacer! es un conjunto de representaciones de acciones, creadas en la manera tradicional del arte Warli. Presenta verbos básicos mediante una serie de pictogramas bellamente dibujados, que ilustran el verbo y a la vez cuentan una historia. Cada página invita a explorar un mundo activo y a crear una historia propia. El arte Warli está hecho por personas pertenecientes a una comunidad tribal que vive en Maharashtra, al oeste de India. Este arte representa un mundo repleto de figuras humanas, animales, aves y plantas. 
020 |a 9789871948567 
100 1 |a Wolf, Gita 
700 1 |a Hengadi, Ramesh; il. 
700 1 |a Shadpe, Shantaram; il. 
700 1 |a Mata, Diana; trad. 
082 0 4 |a 895.6 
653 |a Literatura 
653 |a Literatura japonesa 
653 |a Literatura infantil 
653 |a Cuentos infantiles 
653 |a Colección ciencias de la educación 
653 |a Libro album 
653 |a Arte warli 
859 |a CEMS  |b BIB. CEMS - Inicial y Primaria  |h 895.6  |i W831  |k IP  |p 5868  |t Ej.1 
859 |a CEMS  |b BIB. CEMS - Ccias. Educacion  |h 895.6  |i W831-1  |k CE  |p 28461.19  |t Ej.1